Normal view
MARC view
Entry Personal Name
001 - CONTROL NUMBER
- control field: 556368
003 - CONTROL NUMBER IDENTIFIER
- control field: OSt
005 - DATE AND TIME OF LATEST TRANSACTION
- control field: 20220930094822.0
008 - FIXED-LENGTH DATA ELEMENTS
- fixed length control field: 220930|| aca||aabn | a|a d
040 ## - CATALOGING SOURCE
- Original cataloging agency: OSt
- Transcribing agency: OSt
100 ## - HEADING--PERSONAL NAME
- Personal name: डॉ. आभा सक्सेना, गा
670 ## - SOURCE DATA FOUND
- Source citation: Work cat.: (OSt)887726: शर्मा, संजीव, स्कूली हिंदी भाषा शिक्षण साहित्य का विश्लेषण (एन.सी.एफ, एन.सी.ई.आर.टी. 2005 के विशेष संदर्भ में), 2013
